[Event "Tch-SWE 2002-3"]
[Site "Sweden SWE"]
[Date "2003.03.16"]
[Round "11"]
[White "Agrest,E"]
[Black "Olsson,L"]
[Result "1-0"]
[WhiteElo "2574"]
[BlackElo "2295"]

1.c4 Nf6 2.Nc3 c5 3.Nf3 d5 4.cxd5 Nxd5 5.d4 Nxc3 6.bxc3 g6 7.e4 Bg7 8.Rb1 O-O
9.Be2 b6 10.O-O Bb7 11.Qd3 cxd4 12.cxd4 Ba6 13.Qe3 Bxe2 14.Qxe2 Qc8 15.Bg5 Qb7
16.h4 Rc8 17.h5 h6 18.hxg6 fxg6 19.Bf4 Qa6 20.Qe3 Kh7 21.Be5 Nd7 22.Ng5+ Kg8
23.Bxg7 Kxg7 24.Ne6+ Kh7 25.Rb3 Nf6 26.e5 Nh5 27.Qf3 Kg8 28.Qe4 Kh7 29.Rf3 Rg8
30.Rf7+ Kh8 31.Qe3 g5 32.Qe4  1-0

[Event "Spring Festival IM"]
[Site "Bucharest ROM"]
[Date "2003.03.23"]
[Round "4"]
[White "Berechet,O"]
[Black "Sebe,F"]
[Result "0-1"]
[WhiteElo "2254"]
[BlackElo "2263"]

1.c4 e6 2.Nf3 Nf6 3.Nc3 c5 4.e3 Be7 5.d4 cxd4 6.exd4 d5 7.Be2 O-O 8.O-O Nc6
9.a3 a6 10.Re1 dxc4 11.Bxc4 b5 12.Bf1 Bb7 13.Be3 Rc8 14.Qe2 Nd5 15.Ne4 Nxe3
16.fxe3 Na5 17.Nf2 Nb3 18.Rad1 Bxf3 19.Qxf3 Qb6 20.Bd3 Rfd8 21.Bb1 b4 22.a4 Qc6
23.Qh3 g6 24.Ng4 f5 25.Nh6+ Kg7 26.Nf7 Rf8 27.Ne5 Qxa4 28.Qf3 Bd6 29.Nd3 a5
30.Nf2 Qd7 31.e4 a4 32.e5 Be7 33.d5 exd5 34.Rxd5 Qe6 35.Nd3 Nd2 36.Qf2 Qxd5
37.Qxd2 Rfd8 38.Rd1 Rc4 39.Qe1 Re4 40.Qf1 Rd4 41.h3 a3 42.bxa3 bxa3 43.Qe2 Qe4
44.Kf2 a2 45.Qxa2 Rxd3 46.Bxd3 Rxd3 47.Rxd3 Qxd3 48.Qa7 Kf8 49.Qb8+ Qd8 50.Qb2 Bc5+
51.Kg3 Qd4 52.Qb8+ Kg7 53.Qc7+ Kh6 54.Kh2 Qg1+ 55.Kg3 Qf2+ 56.Kh2 Be3  0-1

[Event "Amber Rapid"]
[Site "Monte Carlo MNC"]
[Date "2003.03.26"]
[Round "10"]
[White "Ljubojevic,L"]
[Black "Leko,P"]
[Result "0-1"]
[WhiteElo "2570"]
[BlackElo "2736"]

1.c4 c5 2.Nf3 Nf6 3.Nc3 e6 4.g3 b6 5.Bg2 Bb7 6.O-O Be7 7.Re1 d5 8.cxd5 exd5
9.d4 O-O 10.Bf4 Nbd7 11.dxc5 Bxc5 12.Nd4 Ne4 13.Nxe4 dxe4 14.Qa4 Nf6 15.Red1 Qe8
16.Qxe8 Rfxe8 17.Nb5 Re7 18.a3 e3 19.f3 a5 20.Bd6 Bxd6 21.Rxd6 Ba6 22.Nc3 Rb8
23.f4 Bc4 24.Rad1 h6 25.Bf3 b5 26.R1d4 Rc7 27.Kg2 b4 28.Ne4 Nxe4 29.Rxe4 Be6
30.Rxe3 Rc2 31.axb4 axb4 32.b3 Rc3 33.Rxc3 bxc3 34.Rc6 Rc8 35.Rxc8+ Bxc8
36.Be4 Bb7  0-1

[Event "Spring Open"]
[Site "Belgrade YUG"]
[Date "2003.03.30"]
[Round "6"]
[White "Svetac,N"]
[Black "Cobic,V"]
[Result "1/2-1/2"]
[WhiteElo "2379"]
[BlackElo "2353"]

1.Nf3 Nf6 2.c4 c5 3.Nc3 d5 4.cxd5 Nxd5 5.g3 Nc6 6.Bg2 Nxc3 7.bxc3 e5 8.Qa4 Bd7
9.Rb1 Qc7 10.Qb3 Na5 11.Qc2 Be7 12.O-O O-O 13.Qe4 Bf6 14.d3 Bc6 15.Qf5 Bd7
16.Qh5 g6 17.Qh6 Bc6 18.Ng5 Bxg5 19.Bxg5 f6 20.Be3 Bxg2 21.Kxg2 b6 22.Qh4 Rae8
23.Rbd1 f5 24.Bh6 Rf7 25.Qa4 Qc6+ 26.Qxc6 Nxc6 27.e4 Rd7 28.f3 Kf7 29.Kf2 Ne7
30.Ke2 Ke6 31.h3 Ng8 32.Be3 Nf6 33.g4 f4 34.Bf2 Rc8 35.a4 Ne8 36.Rb1 Nd6
37.Rfc1 Nb7 38.d4 cxd4 39.cxd4 Rdc7 40.d5+ Kd6 41.Rxc7 Rxc7 42.Kd3 h6 43.Bxb6 axb6
44.Rxb6+ Kd7 45.Rxg6 Nc5+ 46.Ke2 Nxa4 47.Rxh6 Rc2+ 48.Kf1 Nb2 49.g5 Nd3 50.g6 Rf2+
51.Kg1 Rxf3 52.h4 Rg3+ 53.Kf1 f3 54.h5 Rh3 55.Kg1 f2+ 56.Kg2 Rg3+ 57.Kxg3 f1=Q
58.Rh7+ Ke8 59.Rh8+ Ke7 60.d6+ Kd7 61.Rh7+ Kxd6 62.g7 Nf4 63.Kg4 Qg2+ 64.Kf5 Qh3+
65.Kf6 Qh4+ 66.Kf5 Qg3 67.Kf6 Qf3 68.Kg5  1/2-1/2

[Event "Classics IM"]
[Site "Gausdal NOR"]
[Date "2003.04.04"]
[Round "2"]
[White "Leer Salvesen,B"]
[Black "Lie,Es"]
[Result "1-0"]
[WhiteElo "2331"]
[BlackElo "2218"]

1.c4 e6 2.Nc3 Nf6 3.Nf3 c5 4.g3 Nc6 5.Bg2 d5 6.cxd5 Nxd5 7.O-O Be7 8.Nxd5 Qxd5
9.d3 O-O 10.Be3 Qh5 11.Rc1 Rd8 12.h3 Nd4 13.b4 e5 14.g4 Nxf3+ 15.exf3 Qg6
16.Bxc5 Bg5 17.Rc3 Be6 18.Qe2 a5 19.bxa5 Rxa5 20.a3 Ra6 21.Rb1 Bd5 22.Be3 Bf6
23.Rb6 Rxb6 24.Bxb6 Ra8 25.Bc7 Re8 26.Bxe5 h5 27.f4 Bxg2 28.Kxg2 Bxe5 29.fxe5 f5
30.d4 Qe6 31.Qc4 Qxc4 32.Rxc4 fxg4 33.hxg4 hxg4 34.Kg3 Rf8 35.Rb4 Rf3+ 36.Kxg4 Rxf2
37.Rxb7 Rd2 38.Rb4 Kf7 39.Kf5 g6+ 40.Ke4 Ra2 41.Rb7+ Kf8 42.Ra7 Re2+ 43.Kd5 g5
44.e6 Re3 45.Kd6 Rb3 46.Ra8+ Kg7 47.e7  1-0

[Event "Classics IM"]
[Site "Gausdal NOR"]
[Date "2003.04.06"]
[Round "5"]
[White "Hole,O"]
[Black "Miezis,N"]
[Result "1-0"]
[WhiteElo "2247"]
[BlackElo "2516"]

1.Nf3 c5 2.c4 Nf6 3.Nc3 e6 4.g3 Nc6 5.Bg2 h6 6.O-O d5 7.cxd5 exd5 8.d4 Be6
9.Bf4 Rc8 10.Rc1 c4 11.Ne5 Be7 12.e4 dxe4 13.Nxe4 Nd5 14.Nxc6 Rxc6 15.Nc5 Bxc5
16.dxc5 Rxc5 17.Qa4+ Qd7 18.Qxa7 b6 19.Qxd7+ Kxd7 20.Rfd1 Rhc8 21.Be3 Ra5
22.Bxb6 Rb5 23.Bd4 f6 24.Bf1 Rb4 25.a3 Ra4 26.b3 Rxa3 27.bxc4 Bg4 28.cxd5 Bxd1
29.Bh3+  1-0

[Event "Team Cup"]
[Site "Belgrade YUG"]
[Date "2003.04.08"]
[Round "5"]
[White "Arsovic,G"]
[Black "Vlahovic,B"]
[Result "1/2-1/2"]
[WhiteElo "2451"]
[BlackElo "2386"]

1.Nf3 c5 2.c4 Nf6 3.Nc3 d5 4.cxd5 Nxd5 5.g3 Nc6 6.Bg2 Nc7 7.O-O e5 8.a3 Be6
9.b4 f6 10.bxc5 Bxc5 11.Bb2 O-O 12.d3 Qd7 13.Na4 Be7 14.Nd2 Rac8 15.Rc1 Na6
16.Nc3 Nc5  1/2-1/2

[Event "Team Cup"]
[Site "Belgrade YUG"]
[Date "2003.04.08"]
[Round "5"]
[White "Mihic,B"]
[Black "Arsovic,Z"]
[Result "1/2-1/2"]
[WhiteElo "2354"]
[BlackElo "2418"]

1.Nf3 c5 2.c4 Nf6 3.Nc3 e6 4.g3 b6 5.Bg2 Bb7 6.O-O a6 7.b3 d6 8.d4 cxd4 9.Qxd4 Nbd7
10.Ng5 Bxg2 11.Kxg2 Be7 12.Nge4 Qc7 13.Rd1 O-O 14.Bb2 Rfd8 15.f3 Ne8 16.Rac1 Rac8
17.Qe3 Qb7 18.Ba3 Nc5 19.Nxc5 bxc5 20.Qd3 Nf6 21.e4 Nd7 22.Bb2 Bf6 23.Rc2 Bd4
24.Ne2 Ne5 25.Qd2 Bxb2 26.Rxb2 f5 27.Nc3 Rd7 28.Qe2 Rf8 29.Rbd2 f4 30.Rxd6 Rxd6
31.Rxd6 fxg3 32.f4 Rxf4 33.hxg3 Rf8 34.Qh5 Ng6 35.Rxe6 Qb4 36.Qd5 Qxc3 37.Rxg6+ Kh8
38.Rd6 Qf3+ 39.Kh2 Qf2+ 40.Kh3 Qf1+ 41.Kg4 Qf3+ 42.Kh3  1/2-1/2

[Event "Team Cup"]
[Site "Belgrade YUG"]
[Date "2003.04.08"]
[Round "5"]
[White "Milanovic,V"]
[Black "Nestorovic,N"]
[Result "1/2-1/2"]
[WhiteElo "2302"]
[BlackElo "2152"]

1.Nf3 c5 2.c4 Nf6 3.Nc3 e6 4.g3 b6 5.Bg2 Bb7 6.O-O Be7 7.Re1 d6 8.e4 Nbd7
9.d4 cxd4 10.Nxd4 Qc7 11.b3 a6 12.Ba3 O-O 13.Rc1 Rfe8 14.f4 Bf8 15.h3 Rad8
16.Kh2 Qb8 17.Nc2 Qa8 18.Qe2 d5 19.Bxf8 Nxf8 20.e5 Ne4 21.Nxe4 dxe4 22.Rcd1 Rxd1
23.Rxd1 Rd8 24.Rxd8 Qxd8 25.Bxe4 Bxe4 26.Qxe4 Qd2+ 27.Qg2 Qc3 28.h4 h5 29.Kg1 Ng6
30.Kh2  1/2-1/2

[Event "Classics IM"]
[Site "Gausdal NOR"]
[Date "2003.04.10"]
[Round "10"]
[White "Hole,O"]
[Black "Lie,Es"]
[Result "1/2-1/2"]
[WhiteElo "2247"]
[BlackElo "2218"]

1.Nf3 Nf6 2.c4 e6 3.Nc3 c5 4.g3 d5 5.cxd5 exd5 6.d4 Nc6 7.Bg2 Be7 8.O-O O-O
9.Bg5 Be6 10.Rc1 c4 11.Ne5 h6 12.Bxf6 Bxf6 13.e4 dxe4 14.Nxe4 Nxe5 15.dxe5 Bxe5
16.Nc5 Qxd1 17.Rfxd1 Bg4 18.Rd5 Bxb2 19.Rxc4 Bc8 20.Rd2 Re8 21.Bxb7 Bxb7
22.Nxb7 Bf6 23.Rc7 Re1+ 24.Kg2 Rae8 25.Nd6 R8e7 26.Rxe7 Rxe7 27.Nf5 Rb7 28.Kf3 Kh7
29.Nd6 Rd7 30.Ke4 Be7 31.Nc4 Rxd2 32.Nxd2 Bc5 33.f4 Kg6 34.g4 Kf6 35.Kd5 Bg1
36.h3 Ke7 37.f5 h5 38.Ne4 hxg4 39.hxg4 Be3 40.Kc6 Bb6 41.a4 Bd8 42.Kb7 Kd7
43.Kxa7 Kc6 44.Kb8 Kd5 45.Kc8 Bh4 46.Nd2 g6 47.fxg6 fxg6 48.Kd7 Kc5 49.Nf3 Bf2
50.Ne5 Kb6 51.Nxg6 Ka5 52.Ke6 Kxa4 53.Kf5 Bb6 54.Ne7 Be3 55.Nd5 Bh6 56.Nf4 Kb5
57.Ne6 Kc6 58.Ng5 Kd7 59.Kg6 Bf8 60.Ne4 Ba3  1/2-1/2

[Event "ch-SCO"]
[Site "Edinburgh SCO"]
[Date "2003.04.13"]
[Round "9"]
[White "Pritchett,C"]
[Black "Gourlay,I"]
[Result "1/2-1/2"]
[WhiteElo "2318"]
[BlackElo "2276"]

1.Nf3 Nf6 2.c4 c5 3.Nc3 d5 4.cxd5 Nxd5 5.e4 Nxc3 6.dxc3 Qxd1+ 7.Kxd1 Bg4
8.Be3 Nd7 9.Kc2 Bxf3 10.gxf3 e6 11.a4 O-O-O 12.a5 a6 13.Ra4 Be7 14.f4 h6
15.Be2 g5 16.Rd1 Rhg8 17.e5 g4 18.Rc4 Kb8 19.Re4 h5 20.b4 cxb4 21.cxb4 Nf8
22.Rxd8+ Bxd8 23.Rd4 Bc7 24.Bd3 h4 25.Rc4 Ng6 26.Bxg6 fxg6 27.Kd3  1/2-1/2

[Event "9th Werther Schloss Open"]
[Site "Werther GER"]
[Date "2003.04.13"]
[Round "5"]
[White "Lingnau,C"]
[Black "Kasparov,S"]
[Result "0-1"]
[WhiteElo "2430"]
[BlackElo "2443"]

1.Nf3 c5 2.c4 Nf6 3.Nc3 e6 4.e3 Be7 5.d4 O-O 6.d5 d6 7.e4 e5 8.Be2 Nbd7 9.O-O Ne8
10.a3 g6 11.Bh6 Ng7 12.Qd2 Nf6 13.b4 b6 14.Ne1 Kh8 15.f4 Ng8 16.Bxg7+ Kxg7
17.bxc5 bxc5 18.fxe5 dxe5 19.Nf3 Bd6 20.Rab1 Ba6 21.Nb5 Bxb5 22.Rxb5 Rb8
23.Qc3 Qc7 24.Nd2 a6 25.Rbb1 Rxb1 26.Rxb1 Nf6 27.Bd1 Rb8 28.Rxb8 Qxb8 29.Bc2 h5
30.Nb3 Bc7 31.Kf1 Nd7 32.Ke2 Qd8 33.g3 Qf6 34.Nd2 Qb6 35.Nf3 Qb8 36.h3 Nf6
37.Kf2 Bd6 38.Kg2 Bc7 39.Nd2 Qb6 40.Nb3 Nd7 41.Nd2 Nf6 42.Kf2 Kf8 43.Nf3 Qb8
44.Kg2 Kg7 45.Bd3 Kg8 46.Nd2 Kg7 47.Nb3 Qb6 48.Bc2 Nd7 49.Bd1 Nf6 50.Qe3 Bd6
51.Bf3 Bf8 52.Qc3 Bd6 53.Kf1 Bc7 54.Ke2 Nd7 55.Kd2 Bd8 56.Ke2 Bc7 57.Kf2 Nf6
58.Kg2 Bd6 59.Qd3 Qc7 60.Bd1 Qb6 61.Bc2 Nd7 62.Qc3 Bc7 63.Nd2 Nf6 64.Nf1 Qa5
65.Qxa5 Bxa5 66.Kf3 Ne8 67.Ke2 Nd6 68.g4 hxg4 69.hxg4 Kf6 70.Nh2 Kg5 71.Bd3 Kf4
72.Nf3 Bc3 73.Kf2 Kxg4 74.Ke3 Bd4+ 75.Ke2 Bb2 76.Ke3 Bc1+ 77.Ke2 Kf4 78.a4 Bb2
79.Nd2 Bc3 80.Nf3 f5 81.Nh4 Kg5 82.Nf3+ Kf6 83.Nh2 a5 84.Kf3 fxe4+ 85.Bxe4 Nxc4
86.Ng4+ Kg5 87.Nf2 Bd4 88.Bd3 Bxf2 89.Ke2 Nd2 90.Kxd2  0-1

[Event "6th St Quentin Open"]
[Site "Elancourt FRA"]
[Date "2003.04.18"]
[Round "8"]
[White "Appleberry,M"]
[Black "Bouton,C"]
[Result "1-0"]
[WhiteElo "2268"]
[BlackElo "2160"]

1.Nf3 Nf6 2.c4 c5 3.Nc3 d5 4.cxd5 Nxd5 5.e4 Nxc3 6.dxc3 Qxd1+ 7.Kxd1 Nd7
8.Bf4 e6 9.Nd2 Be7 10.Nc4 O-O 11.a4 Nf6 12.f3 Bd7 13.Kc2 Rfc8 14.Be2 h6 15.Rhd1 Be8
16.b3 Nh7 17.Na5 b6 18.Nb7 a6 19.Nd6 Bxd6 20.Rxd6 b5 21.axb5 axb5 22.Rxa8 Rxa8
23.Kb2 Nf6 24.Rb6 c4 25.bxc4 bxc4 26.Rb8 Rxb8+ 27.Bxb8 Nd7 28.Bc7 f5 29.Bxc4 Bf7
30.e5 Kf8 31.Ka3 Ke7 32.Kb4 Be8 33.Bd6+ Kf7 34.Ka5 f4 35.Ka6 Nf8 36.Bxf8 Kxf8
37.Bxe6 Ke7 38.Bc4 g5 39.Kb6 h5 40.h3 Bg6 41.Kc5 Bc2 42.Kd4 Bb1 43.h4  1-0

[Event "XXI Open"]
[Site "Metz FRA"]
[Date "2003.04.21"]
[Round "3"]
[White "Kohlweyer,B"]
[Black "Montheard,X"]
[Result "1/2-1/2"]
[WhiteElo "2454"]
[BlackElo "2245"]

1.Nf3 Nf6 2.c4 c5 3.Nc3 b6 4.e4 d6 5.d4 cxd4 6.Nxd4 Bb7 7.Qe2 e6 8.g4 a6
9.Bg2 Qc7 10.O-O Be7 11.Bd2 Nc6 12.Nxc6 Qxc6 13.g5 Nd7 14.b3 O-O 15.Rac1 Nc5
16.f4 f5 17.Rce1 Nxe4 18.Nxe4 fxe4 19.Bxe4 Qxe4 20.Qxe4 Bxe4 21.Rxe4 d5 22.Rxe6 Bc5+
23.Be3 Bxe3+ 24.Rxe3 dxc4 25.bxc4 Rac8 26.Re4  1/2-1/2

[Event "Commonwealth Ch"]
[Site "Mumbai IND"]
[Date "2003.04.21"]
[Round "2"]
[White "Sharma,D"]
[Black "Vakhidov,T"]
[Result "0-1"]
[WhiteElo "2384"]
[BlackElo "2546"]

1.Nf3 Nf6 2.c4 c5 3.Nc3 d5 4.d4 cxd4 5.Nxd4 dxc4 6.Qa4+ Bd7 7.Qxc4 Na6 8.e3 Rc8
9.Qb3 Nc5 10.Qd1 a6 11.Be2 e5 12.Nf3 Qc7 13.O-O Bd6 14.h3 O-O 15.Bd2 e4 16.Nd4 Bh2+
17.Kh1 Be5 18.Rc1 Qb8 19.Qc2 b5 20.b4 Bxd4 21.exd4 Na4 22.Qb1 Nxc3 23.Rxc3 Rxc3
24.Bxc3 Rc8 25.Rc1 Qf4 26.Rc2 e3 27.fxe3 Qxe3 28.Be1 Re8 29.Qb3 Qxd4 30.Bc3 Qf4
31.Bxf6 Qxf6 32.Qf3 Qa1+ 33.Kh2 g6 34.Qf4 Be6 35.Bf3 Bxa2 36.Rc6 Bc4 37.Qd6 Qe5+
38.Qxe5 Rxe5 39.Rxa6 Re1 40.Kg3 Rb1 41.Kf4 Rxb4 42.Ke5 Kg7 43.Rb6 Rb2 44.Rb7 Bf1
45.Bd5 Rf2 46.g4 Bxh3  0-1

[Event "Commonwealth Ch"]
[Site "Mumbai IND"]
[Date "2003.04.23"]
[Round "5"]
[White "Vakhidov,T"]
[Black "Hegde,R"]
[Result "1-0"]
[WhiteElo "2546"]
[BlackElo "2354"]

1.Nf3 Nf6 2.c4 c5 3.Nc3 b6 4.d4 cxd4 5.Nxd4 d6 6.e4 Bb7 7.f3 Nbd7 8.Be3 e6
9.Be2 Be7 10.O-O O-O 11.Kh1 Re8 12.a4 Bf8 13.a5 bxa5 14.Nb3 d5 15.cxd5 exd5
16.Nxa5 Qc7 17.Nxb7 Qxb7 18.Ba6 Qxb2 19.Nxd5 Nxd5 20.Qxd5 Nb6 21.Qd4 Qb3
22.Qd3 Qe6 23.Rfd1 Qe7 24.Qb3 Rab8 25.Qa2 Red8 26.Rdc1 Qe5 27.Rab1 Bd6 28.g3 Qh5
29.Kg2 Be5 30.Be2 Qg6 31.Qxa7 Nd5 32.Rxb8 Bxb8 33.Qd4  1-0

[Event "I Regina Prol"]
[Site "Santos BRA"]
[Date "2003.04.30"]
[Round "11"]
[White "Molina,Jo"]
[Black "Sega,C"]
[Result "1/2-1/2"]
[WhiteElo "2274"]
[BlackElo "2315"]

1.Nf3 Nf6 2.c4 e6 3.Nc3 c5 4.g3 b6 5.Bg2 Bb7 6.O-O Be7 7.d4 cxd4 8.Qxd4 O-O
9.Bg5 d6 10.Rfd1 Nbd7 11.Nb5 d5 12.cxd5 exd5 13.e3 Nc5  1/2-1/2

[Event "11th Sigeman & Co"]
[Site "Malmoe SWE"]
[Date "2003.05.03"]
[Round "5"]
[White "Hillarp Persson,T"]
[Black "Sutovsky,E"]
[Result "1/2-1/2"]
[WhiteElo "2474"]
[BlackElo "2652"]

1.Nf3 Nf6 2.c4 c5 3.Nc3 d5 4.cxd5 Nxd5 5.e4 Nb4 6.Bc4 Nd3+ 7.Ke2 Nf4+ 8.Kf1 Be6
9.Bb5+ Bd7 10.d4 cxd4 11.Bxd7+ Nxd7 12.Nxd4 e5 13.Bxf4 exf4 14.Qe2 Bc5 15.Rd1 Bxd4
16.Rxd4 Qb6 17.Rd1 Rd8 18.Nd5 Qd6 19.g3 fxg3 20.hxg3 O-O 21.Qh5 h6 22.Qf5 Rfe8
23.Kg2 Qe5 24.Qxe5 Nxe5 25.b3 Nc6 26.Rhe1 Re6 27.f4 Red6 28.Re2 Nb4 29.Kf3 Kf8
30.Red2 f5 31.a3 fxe4+ 32.Kxe4 Nc6 33.Rd3 Na5 34.f5 Kf7 35.Rc3 Nc6 36.Rcd3 Re8+
37.Kf4 Ne5 38.Rd4 g5+ 39.fxg6+ Nxg6+ 40.Kf3 Red8 41.Ke3 Ne5 42.Nc3 Ng4+ 43.Rxg4 Rxd1
44.Nxd1 Rxd1  1/2-1/2

[Event "St Petersburg vs. Moscow"]
[Site "St Petersburg RUS"]
[Date "2003.05.03"]
[Round "1"]
[White "Lugovoi,A"]
[Black "Belov,Vl"]
[Result "0-1"]
[WhiteElo "2563"]
[BlackElo "2549"]

1.Nf3 Nf6 2.c4 c5 3.Nc3 e6 4.e3 d5 5.d4 Nc6 6.cxd5 exd5 7.Bb5 cxd4 8.Nxd4 Qc7
9.O-O Bd6 10.Nf3 Be6 11.h3 O-O 12.Be2 Qd7 13.Qa4 a6 14.Rd1 b5 15.Qh4 b4 16.Nxd5 Bxd5
17.e4 Bxe4 18.Bf4 Bd5 19.Bg5 Be7 20.Bd3 Bxf3 21.Bxf6 Qxd3 22.Rxd3 Bxf6 23.Qf4 Be2
24.Rd2 Bb5 25.Rad1 h6 26.Qg3 Rfe8 27.a3 Re4 28.Qc7 Rae8 29.Qb6 b3 30.Qc5 R8e5
31.Qb6 Re6 32.f3 R4e5 33.a4 Bxa4 34.Qxa6 Bb5 35.Qa8+ Kh7 36.Qb7 Bg5 37.Rd5 Rxd5
38.Rxd5 Bc4 39.Rd1 Bf6 40.Rc1 Bd5 41.Qb5 Nd4 42.Qd3+ g6 43.Rc7 Re1+ 44.Kf2 Re2+
45.Kf1 Rc2  0-1

[Event "National I"]
[Site "Clermont-Ferrand FRA"]
[Date "2003.05.08"]
[Round "8"]
[White "Dorfman,J"]
[Black "Agrest,E"]
[Result "1/2-1/2"]
[WhiteElo "2610"]
[BlackElo "2591"]

1.Nf3 c5 2.c4 Nf6 3.Nc3 e6 4.d4 cxd4 5.Nxd4 Bb4 6.g3 Ne4 7.Qd3 Bxc3+ 8.bxc3 Nc5
9.Qf3 d6 10.Ba3 O-O 11.Bg2 Nbd7 12.Qe3 Nb6 13.Bxc5 Nxc4 14.Qd3 dxc5 15.Qxc4  1/2-1/2

[Event "National I"]
[Site "Clermont-Ferrand FRA"]
[Date "2003.05.09"]
[Round "9"]
[White "Nikcevic,N"]
[Black "Beudaert,X"]
[Result "1/2-1/2"]
[WhiteElo "2462"]
[BlackElo "2293"]

1.c4 c5 2.Nf3 Nf6 3.Nc3 e6 4.g3 b6 5.Bg2 Bb7 6.O-O Be7 7.Re1 d6 8.e4 Nbd7
9.d4 cxd4 10.Nxd4 Qc7 11.b3 O-O 12.Bb2 a6 13.Rc1 Rfe8 14.Rc2 Bf8 15.Rd2 Rad8
16.h3 Qb8 17.g4 g6 18.Nde2 Nc5 19.Ng3 Bh6 20.Rc2 e5 21.Nd5 Nxd5 22.exd5 b5
23.Bc1 Bxc1 24.Qxc1 Nd3 25.Qh6 Nxe1 26.Ne4 f5 27.Nf6+ Kf7 28.Nh5 gxh5 29.Qxh7+ Kf8
30.Qxf5+ Kg8 31.Qg6+ Kf8 32.Qf6+ Kg8 33.Qg5+ Kf8 34.Qf5+ Kg8 35.Qg6+ Kf8
36.Qf6+ Kg8 37.Qg5+ Kf8 38.Qf6+ Kg8  1/2-1/2

[Event "TCh-Serbia & Montenegro"]
[Site "Budva YUG"]
[Date "2003.05.22"]
[Round "5"]
[White "Stojanovic,Mih"]
[Black "Martinovic,Sl"]
[Result "1-0"]
[WhiteElo "2490"]
[BlackElo "2461"]

1.Nf3 Nf6 2.c4 g6 3.Nc3 c5 4.d4 cxd4 5.Nxd4 Nc6 6.e4 d6 7.Be2 Nxd4 8.Qxd4 Bg7
9.Be3 O-O 10.Qd2 Be6 11.Rc1 Qa5 12.f3 Rfc8 13.b3 Nd7 14.Nd5 Qxd2+ 15.Kxd2 Bxd5
16.cxd5 Bb2 17.Rc2 Ba3 18.Rb1 a5 19.Bb5 Nc5 20.Bd4 Rc7 21.Rc4 e5 22.dxe6 fxe6
23.Ke2 Kf7 24.Rd1 d5 25.Rc2 Na6 26.Rxc7+ Nxc7 27.Bd3 Na6 28.exd5 exd5 29.h4 Nc7
30.Bb6 Ne6 31.Bb5 Bd6 32.Kf1 Bc7 33.Bf2 Rd8 34.g3 h6 35.f4 Kf6 36.Kg2 g5
37.fxg5+ hxg5 38.hxg5+ Nxg5  1-0

[Event "Kings Cup"]
[Site "Bucharest ROM"]
[Date "2003.05.25"]
[Round "8"]
[White "Badea,B"]
[Black "Manolache,M"]
[Result "0-1"]
[WhiteElo "2501"]
[BlackElo "2448"]

1.Nf3 Nf6 2.c4 c5 3.Nc3 e6 4.g3 b6 5.Bg2 Bb7 6.O-O Be7 7.Re1 a6 8.e4 d6 9.d4 cxd4
10.Nxd4 Qc7 11.Be3 Nbd7 12.f4 O-O 13.Rc1 Rac8 14.g4 Nc5 15.Bf2 g6 16.f5 gxf5
17.gxf5 e5 18.Nc2 Kh8 19.Kh1 Rg8 20.Bf3 b5 21.cxb5 axb5 22.Bxc5 Qxc5 23.a3 Rg5
24.Qe2 Rcg8 25.Ne3 Qb6 26.Rcd1 Bf8 27.Qf2 d5 28.exd5 Rxf5 29.Qe2 Rfg5 30.Qxb5 Qxb5
31.Nxb5 e4 32.Bg2 Nxd5 33.Rxd5 Bxd5 34.Nc3 Bb7 35.Bxe4 Bc5 36.Bxb7 Bxe3 37.Ne2 Rb5
38.Be4 Rxb2 39.Ng3 Bf2 40.Rf1 Bxg3 41.hxg3 Rxg3 42.Rxf7 Rxa3 43.Bg2 Ra6 44.Kg1 Rg6
45.Rf2 Rxf2 46.Kxf2 Kg7 47.Kg1 Kf6 48.Kh2 Kg5 49.Bh3 Kh4 50.Bf5 Rg7 51.Be4 Re7
52.Bf3 Rd7 53.Kg2 Rd2+ 54.Kf1 Kg3 55.Bh5 Rf2+  0-1

[Event "Master Open"]
[Site "Ploiesti ROM"]
[Date "2003.06.01"]
[Round "3"]
[White "Oncel,I"]
[Black "Bondoc,D"]
[Result "1-0"]
[WhiteElo "2171"]
[BlackElo "2275"]

1.c4 Nf6 2.Nc3 c5 3.Nf3 d5 4.cxd5 Nxd5 5.g3 Nc6 6.Bg2 Nc7 7.O-O g6 8.d3 Bg7
9.Be3 Ne6 10.Nd2 Bd7 11.Nde4 b6 12.Qd2 h6 13.g4 Ned4 14.h3 Rc8 15.Ng3 f5
16.gxf5 Nxf5 17.Nxf5 Bxf5 18.Bf4 Qd7 19.Kh2 Be6 20.Rad1 Nd4 21.Qe3 Nf5 22.Qe4 O-O
23.Be5 Bxe5+ 24.Qxe5 Qc7 25.Qxc7 Rxc7 26.Nb5 Rd7 27.Bc6 Rdd8 28.Nxa7 Bxa2
29.Ra1 Bf7 30.Be4 Nd4 31.e3 Nb3 32.Nc6 Rd7 33.Ne5 Rd6 34.Rad1 Be8 35.f4 Kg7
36.Rg1 Na5 37.Rg2 Nc6 38.Nc4 Rd8 39.Nxb6 e5 40.f5 g5 41.Nd5 Bf7 42.f6+ Kh8
43.Ne7 Nb4 44.h4 Rd6 45.hxg5 hxg5 46.Kg3  1-0

[Event "CCA Vermont Open"]
[Site "Stratton Mountain USA"]
[Date "2003.06.04"]
[Round "2"]
[White "Betaneli,A"]
[Black "Tsiganov,I1"]
[Result "1-0"]
[WhiteElo "2269"]
[BlackElo "2250"]

1.c4 c5 2.Nf3 Nf6 3.Nc3 e6 4.e4 d6 5.d4 cxd4 6.Nxd4 Be7 7.Be2 O-O 8.O-O a6
9.Nc2 Qc7 10.Qd3 Nbd7 11.Qg3 Kh8 12.Ne3 b6 13.Ncd5 exd5 14.Nf5 Ne8 15.Nxe7 dxe4
16.Nd5 Qd8 17.Bf4 Nc5 18.b4 Ne6 19.Be3 Rb8 20.f3 exf3 21.Bxf3 b5 22.c5 Bb7
23.Rad1 dxc5 24.bxc5 Bxd5 25.Bxd5 N6c7 26.Bf4 Qd7 27.Bxf7 Qxf7 28.Bxc7 Nxc7
29.Rxf7 Rxf7 30.Qd6 Rbf8 31.h3 h6 32.c6  1-0

[Event "Golden Cleopatra"]
[Site "Cairo EGY"]
[Date "2003.06.05"]
[Round "5"]
[White "Issa,R"]
[Black "Elgabry,M"]
[Result "1/2-1/2"]
[WhiteElo "2360"]
[BlackElo "2294"]

1.Nf3 Nf6 2.c4 c5 3.Nc3 g6 4.g3 Bg7 5.Bg2 O-O 6.O-O d6 7.d3 Nc6 8.Rb1 h6
9.Bd2 e5 10.a3 Be6 11.e4 Qd7 12.Nd5 Nh5 13.Nh4 Nd4 14.Be3 Kh7 15.Bxd4 cxd4
16.f4 Bxd5 17.cxd5 exf4 18.gxf4 Bf6 19.Nf5 Ng7 20.Nxg7 Kxg7 21.Qf3 Qe7 22.Bh3 g5
23.Kh1 gxf4 24.Rg1+ Bg5 25.Bf5 Kh8 26.Qh5 Qf6 27.Rbf1 Rg8 28.Qf3 Rg7 29.Rg4 Rag8
30.Rfg1 Bh4  1/2-1/2

[Event "CCA Vermont Open"]
[Site "Stratton Mountain USA"]
[Date "2003.06.05"]
[Round "3"]
[White "Paschall,W"]
[Black "Tsiganov,I1"]
[Result "1-0"]
[WhiteElo "2429"]
[BlackElo "2250"]

1.Nf3 Nf6 2.c4 c5 3.Nc3 e6 4.e3 d5 5.d4 cxd4 6.exd4 Be7 7.Bd3 O-O 8.O-O Nc6
9.a3 dxc4 10.Bxc4 a6 11.Ba2 b5 12.Bg5 Bb7 13.Re1 Rc8 14.Rc1 Nd5 15.Ne4 Bxg5
16.Nfxg5 Na5 17.Rxc8 Bxc8 18.Qd2 h6 19.Nf3 Qb6 20.Bxd5 exd5 21.Nc5 Nc4 22.Qc1 b4
23.Ne5 Nxe5 24.Rxe5 bxa3 25.bxa3 Rd8 26.h3 Qg6 27.Re3 Bf5 28.Rg3 Qf6 29.Qf4 Rd6
30.Rf3 Be4 31.Qxf6 gxf6 32.Rb3 Kg7 33.a4 Bf5 34.a5 Bc8 35.Rb6 Rd8 36.f3 h5
37.h4 f5 38.Kf2 f6 39.Kg3 Kf7 40.Kf4 Kg6 41.Rc6 Kf7 42.Rc7+ Kg6 43.g3 Re8
44.Ra7  1-0

[Event "ch-Solingen"]
[Site "Solingen GER"]
[Date "2003.06.07"]
[Round "3"]
[White "Giehl,T"]
[Black "Lambertz,M"]
[Result "1/2-1/2"]
[WhiteElo "2047"]
[BlackElo "1982"]

1.c4 c5 2.Nc3 Nf6 3.Nf3 d5 4.cxd5 Nxd5 5.g3 Nc7 6.Bg2 Nc6 7.O-O e5 8.d3 Be7
9.Nd2 O-O 10.Nc4 f6 11.f4 exf4 12.Bxf4 Be6 13.Bxc6 bxc6 14.Qa4 Qd7 15.Bxc7 Qxc7
16.Na5 Rac8 17.Rac1 Rfd8 18.Nb3 Qb6 19.Kh1 Rb8 20.Na5 Rdc8 21.Qe4 Bf7 22.Nc4 Qc7
23.b3 Bd6 24.Nxd6 Qxd6 25.Qf3 Qe5 26.Qf5 Qe3 27.Qf4 Qe7 28.Rf2 Rb4 29.Qd2 Re8  1/2-1/2

[Event "3rd Zurich Lake Plaza Open"]
[Site "Pfaeffikon SUI"]
[Date "2003.06.09"]
[Round "7"]
[White "Georgiev,Vl"]
[Black "Goldstern,F"]
[Result "1-0"]
[WhiteElo "2552"]
[BlackElo "2380"]

1.c4 c5 2.Nc3 Nf6 3.Nf3 e6 4.e3 Nc6 5.d4 d5 6.cxd5 Nxd5 7.Bd3 Be7 8.O-O O-O
9.a3 cxd4 10.exd4 Nf6 11.Bc2 b6 12.Qd3 Bb7 13.Re1 g6 14.Bg5 Re8 15.Rad1 Rc8
16.h4 Nd5 17.Nxd5 exd5 18.b4 Nb8 19.Ba4 Bc6 20.Bb3 f6 21.b5 fxg5 22.bxc6 Nxc6
23.Nxg5 Bxg5 24.Rxe8+ Qxe8 25.Bxd5+ Kg7 26.hxg5 Rd8 27.Qf3 Rd6 28.Rc1  1-0

[Event "IHEM"]
[Site "Hamburg GER"]
[Date "2003.06.10"]
[Round "4"]
[White "Vokac,M"]
[Black "Levin,F"]
[Result "1/2-1/2"]
[WhiteElo "2484"]
[BlackElo "2519"]

1.Nf3 Nf6 2.c4 c5 3.Nc3 e6 4.g3 b6 5.Bg2 Bb7 6.O-O Be7 7.d4 cxd4 8.Qxd4 d6
9.Rd1 a6 10.b3 Nbd7 11.e4 Qc8 12.Bb2 O-O 13.Qe3 Qc7 14.Nd4 Rfe8  1/2-1/2

[Event "Master Open"]
[Site "Voronezh RUS"]
[Date "2003.06.12"]
[Round "1"]
[White "Orlov,N2"]
[Black "Popov,Val"]
[Result "0-1"]
[WhiteElo "2332"]
[BlackElo "2570"]

1.c4 c5 2.Nf3 Nf6 3.Nc3 e6 4.g3 b6 5.Bg2 Bb7 6.O-O Be7 7.Re1 a6 8.e4 d6 9.d4 cxd4
10.Nxd4 Qc7 11.Be3 Nbd7 12.f4 O-O 13.Rc1 Rfe8 14.Bf2 Rac8 15.b3 g6 16.f5 gxf5
17.exf5 e5 18.Bxb7 Qxb7 19.Nc2 b5 20.Ne3 e4 21.Ncd5 Ne5 22.Nxf6+ Bxf6 23.Nd5 Nf3+
24.Kf1 Bg7 25.f6 Bh6 26.Be3 Qd7 27.Kg2 Bf8 28.Rf1 Qf5 29.Rf2 bxc4 30.bxc4 Qh5
31.Kh1 Kh8 32.Rg2 Bh6 33.Bxh6 Qxh6 34.Rcc2 Re5 35.Qc1 Qxc1+ 36.Rxc1 Rxd5  0-1

[Event "Master Open"]
[Site "Voronezh RUS"]
[Date "2003.06.20"]
[Round "8"]
[White "Gasanov,E"]
[Black "Sergienko,S"]
[Result "0-1"]
[WhiteElo "2396"]
[BlackElo "2439"]

1.c4 c5 2.Nf3 Nf6 3.Nc3 d5 4.cxd5 Nxd5 5.e4 Nb4 6.Bb5+ N8c6 7.d4 cxd4 8.a3 Bd7
9.axb4 dxc3 10.bxc3 g6 11.Bf4 Bg7 12.Qd2 O-O 13.Bh6 Qb6 14.Bxg7 Kxg7 15.Be2 Bg4
16.b5 Rfd8 17.Qf4 Bxf3 18.gxf3 e5 19.Qe3 Na5 20.c4 Rac8 21.Qc3 Nxc4 22.Bxc4 Rd4
23.Ra4 a6 24.Qb3 axb5 25.O-O Rdxc4 26.Rxc4 Rxc4 27.Rb1 Rc5 28.Kg2 Qf6 29.Qe3 Qc6
30.Rb3 Rc4 31.Qg5 Qc5 32.Rd3 Rd4 33.Rb3 b4 34.Rb1 Qd6 35.Rb2 Qf6 36.Qe3 h6
37.Rc2 Qd6 38.Rc8 Rd3 39.Qc5 b3 40.Qb5 Qd7 41.Qxe5+ f6 42.Qc5 Qf7 43.e5 g5
44.exf6+ Kg6 45.Qe7 Rd7 46.Qe4+ Kxf6 47.Rh8 Qg7 48.Qc4 Re7 49.Rg8 Qf7 50.Qd4+ Kf5
51.Qd3+ Kf6 52.Qd4+ Kf5 53.Qc5+ Kf6 54.Qc3+ Kf5 55.Qc8+ Qe6 56.Rf8+ Kg6 57.Qc3 Rf7
58.Rg8+ Kh5 59.h4 Rf4 60.Rb8 Rxh4  0-1